00796nam a2200169 a 4500003000200000005001700002008004100019050002800060100002500088245018500113260009100298300004000389504004100429650008400470650003900554650003300593020250423101634.0050809s19uu xx 00 eng d aPHS QK 899.5b.V46 2005 aVenzon, Gia Karla C. aEffects of banaba (Lagerstroemia speciosa) and makahiya (Mimosa pudica) extracts on the growth of Bacillus cereus, Escherichia coli and Staphylococcus aureus /cGia Karla C. Venzon aLas Piñas City, Philippines :bSouthville International School and Colleges, c2005. a29 pages :billustrations ;c28 cm. aIncludes bibliographical references. 2Library of Congress Subject HeadingsaPlant extractsxAntibacterial properties. aAntibacterial agentsxPlant-based. aMicrobial sensitivity tests.